000 00456nam a22001817a 4500
999 _c11628
_d11628
003 OSt
008 221231b ||||| |||| 00| 0 eng d
020 _a9780190130862
082 _a658.8 MAM
100 _aMAITY,Moutusy
245 _aMarketing Analytics for Strategic Decision Making
250 _aEd.1
260 _aNew Delhi
_bOxford
_c2021
300 _a464
650 _aMarketing Analytics
700 _aGURAZADA,Parvankumar
942 _2ddc
_cREF